ਸ਼ਹੀਦੀ ਤੇ ਸੰਦੇਸ਼ : (Record no. 110702)

MARC details
000 -LEADER
fixed length control field 01178nam a22002537a 4500
005 - DATE AND TIME OF LATEST TRANSACTION
control field 20170123164156.0
010 ## - LIBRARY OF CONGRESS CONTROL NUMBER
LC control number B-095387
020 ## - INTERNATIONAL STANDARD BOOK NUMBER
Terms of availability 140.00
035 ## - SYSTEM CONTROL NUMBER
System control number B-095387
037 ## - SOURCE OF ACQUISITION
Stock number Cen Lib / Ret
040 ## - CATALOGING SOURCE
Original cataloging agency DPL
Language of cataloging PN
082 ## - DEWEY DECIMAL CLASSIFICATION NUMBER
Classification number 260.35
Item number ਮਹਿੰਦ
100 ## - MAIN ENTRY--PERSONAL NAME
Personal name ਮਹਿੰਦਰ ਕੌਰ ਗਿੱਲ
9 (RLIN) 46829
245 ## - TITLE STATEMENT
Title ਸ਼ਹੀਦੀ ਤੇ ਸੰਦੇਸ਼ :
Statement of responsibility, etc ਮਹਿੰਦਰ ਕੌਰ ਗਿੱਲ
Remainder of title ਪੰਚਮ ਗੁਰੂ ਅਰਜਨ ਦੇਵ /
246 ## - VARYING FORM OF TITLE
Title proper/short title Shahidi te sandesh : fifith guru arjun dev /
Remainder of title by Mohinder Kaur Gill
260 ## - PUBLICATION, DISTRIBUTION, ETC. (IMPRINT)
Place of publication, distribution, etc ਦਿੱਲੀ
Name of publisher, distributor, etc ਐਮ. ਪੀ. ਪ੍ਰਕਾਸ਼ਨ
Date of publication, distribution, etc 2004
270 ## - ADDRESS
Address ਸ਼ੋਪ ਨੰ. 7, 12/190 ਗੀਤਾ ਕਾਲੋਨੀ
City ਦਿੱਲੀ
Postal code 110031
300 ## - PHYSICAL DESCRIPTION
Extent 104p.
Dimensions 22(Hb)
650 ## - SUBJECT ADDED ENTRY--TOPICAL TERM
Topical term or geographic name as entry element ਪੰਜਾਬੀ ਸਾਹਿਤ
9 (RLIN) 131080
650 ## - SUBJECT ADDED ENTRY--TOPICAL TERM
Topical term or geographic name as entry element ਪੰਜਾਬੀ ਸਾਹਿਤ - ਰੁਹਾਨੀ ਆਧਾਰਿਤ ਸਿੱਖ ਧਰਮ ਜੀਵਨ
9 (RLIN) 13179
650 ## - SUBJECT ADDED ENTRY--TOPICAL TERM
Topical term or geographic name as entry element Punjabi Literature-Spiritual and Sikh religon life
9 (RLIN) 13180
650 ## - SUBJECT ADDED ENTRY--TOPICAL TERM
Topical term or geographic name as entry element ਪੰਜਾਬੀ -- ਧਰਮ
9 (RLIN) 1301
942 ## - ADDED ENTRY ELEMENTS (KOHA)
Source of classification or shelving scheme Dewey Decimal Classification
Koha item type Punjabi Bks
Classification part 260.35
Call number suffix ਮਹਿੰਦ
Holdings
Withdrawn status Lost status Damaged status Not for loan Home library Current library Date acquired Source of acquisition Cost, normal purchase price Total Checkouts Full call number Barcode Date last seen Copy number Cost, replacement price Price effective from Koha item type
        Central Library Central Library 06/02/2016 Cen Lib/Ret 140.00   260.35 ਮਹਿੰਦ B-095387 06/02/2016 1 140.00 06/02/2016 Punjabi Bks

© Delhi Public Library
Hit Counter
free hit counter